000 00620nam a2200229Ia 4500
003 OSt
005 20220925205803.0
006 a|||||r|||| 00| 0
007 ta
008 220923b |||||||| |||| 00| 0 eng d
037 _cGeneral Book
040 _aRTL
_cRTL
_beng
041 _2eng
_aeng
082 _aX:8, K8
100 _aKellogg Marion S.
_9128053
245 0 _aPutting management theories to work
260 _aHouston
_bGulf Publishing
_c1968
300 _ax, 276p.
_ccm.
650 _aManagement
_930681
942 _hX:8, K8
_cGB
_2CC
999 _c553200
_d553200